| 000 | 00528cam a2200193ua 4500 | ||
|---|---|---|---|
| 001 | 2114 | ||
| 008 | 110811n ii |||gr||||Z||||||eng | ||
| 020 | _a81-7169-249-4 | ||
| 040 | _cMAIN | ||
| 082 | _a371.26 | ||
| 100 |
_aChauhan, C. P. S., _eAuthor. |
||
| 245 | 1 |
_aEmerging trends in educational evaluation _cby C. P. S. Chauhan |
|
| 250 | _a1st. | ||
| 260 |
_aDelhi: _bCommonwealth publishers,993. |
||
| 300 |
_axi; 182p: _c23cm. |
||
| 653 | _aEducation | ||
| 653 | _aEmerging trends in educational evaluation | ||
| 942 | _cBK | ||
| 999 |
_c1982 _d1982 |
||